|
|
|
|
| LEADER |
01519nam a2200397 a 4500 |
| 001 |
000546518 |
| 003 |
CZ BrMZK |
| 005 |
20190820124011.0 |
| 007 |
ta |
| 008 |
010907s2000 xr e f cze d |
| 015 |
|
|
|a cnb000985386
|
| 020 |
|
|
|a 80-7268-110-9
|
| 035 |
|
|
|a (OCoLC)46962606
|
| 040 |
|
|
|a BOA001
|b cze
|
| 072 |
|
7 |
|a 641
|x Kuchařství. Potraviny. Vařená jídla
|2 Konspekt
|9 19
|
| 080 |
|
|
|a 637.5:639.112
|2 MRF
|
| 080 |
|
|
|a 637.54'659.2
|2 MRF
|
| 080 |
|
|
|a 641.55:636.92
|2 MRF
|
| 080 |
|
|
|a 641.55:637.5
|2 MRF
|
| 080 |
|
|
|a (083.12)
|2 MRF
|
| 100 |
1 |
|
|a Růžičková, Helena,
|d 1936-2004
|7 jn19990209735
|
| 245 |
1 |
0 |
|a Vaříme s Helenou Růžičkovou :
|b králičí, zaječí a krůtí speciality /
|c [Helena Růžičková, Pavel Dvořák ; ilustroval Antonín Stoják]
|
| 250 |
|
|
|a Vyd. 1.
|
| 260 |
|
|
|a Třebíč :
|b D. Rybníček,
|c 2000
|
| 300 |
|
|
|a 175 s. :
|b il. ;
|c 21 cm
|
| 650 |
0 |
7 |
|a zaječí maso
|7 ph628000
|2 czenas
|
| 650 |
0 |
7 |
|a krůtí maso
|7 ph115026
|2 czenas
|
| 650 |
0 |
7 |
|a králičí maso
|7 ph451014
|2 czenas
|
| 650 |
0 |
7 |
|a masitá jídla
|7 ph115232
|2 czenas
|
| 655 |
|
7 |
|a kuchařské recepty
|7 fd132687
|2 czenas
|
| 700 |
1 |
|
|a Dvořák, Pavel
|7 jx20040727026
|
| 700 |
1 |
|
|a Stoják, Antonín,
|d 1948-
|7 xx0000198
|
| 856 |
4 |
1 |
|u http://www.digitalniknihovna.cz/mzk/uuid/uuid:89445f00-3e2c-11e4-8fc5-005056827e52
|y Digitalizovaný dokument
|x NDK
|
| 910 |
|
|
|a BOA001
|b 2-1081.032
|
| 990 |
|
|
|a BK
|
| 996 |
6 |
|
|b 2610127597
|c 2-1081.032
|l MZK
|r Sklad / do 1 hodiny
|n 1
|p p.v.
|w 000546518
|u 000010
|a 1
|e BOA001
|j MZK50
|s P
|